000 00878cab a2200277 4500
001 WB3406-16
008 090401t1998 xxu||||| |||| 00| 0 eng d
035 _a(Sirsi) u84155
041 _aeng
245 _aCLA public access register
260 _c1998
350 _a0
490 _aFarmers' Weekly
_v6 February 1998, 4(1)
520 _aCountry Landowners Association has launched a public access sites register for their Access 2000 scheme. This is a voluntary scheme, which could provide adequate access to the countryside.
650 _aACCESS 2000
650 _aACCESS TO THE COUNTRYSIDE
650 _aCLA
650 _aCOUNTRY LANDOWNERS ASSOCIATION
650 _aNATIONAL REGISTER
650 _aPUBLIC ACCESS
650 _aRIGHT TO ROAM
650 _aYEAR 2000
690 _aHIGHWAYS RIGHTS OF WAY AND EASEMENTS
942 _n0
948 _c10/02/1998
999 _c52874
_d52874